| 000 | 00980nam a2200301Ia 4500 | ||
|---|---|---|---|
| 005 | 20220317001449.0 | ||
| 008 | 161108s2009 sp g 000 f sp | ||
| 020 | _a9788483831533 | ||
| 100 | 1 |
_aLe Clézio, Jean-Marie Gustave _d1940- |
|
| 245 | 1 | 3 |
_aLa música del hambre _cJ.M.G Le Clézio ; Traducción de Javier Albiñana |
| 250 | _a1a. edición | ||
| 300 |
_a210 páginas _c21 cm |
||
| 490 | _aAndanzas | ||
| 534 | _tRiournelle de la faim | ||
| 650 | 1 | 4 |
_2LEMB _aNovela francesa _ySiglo XX |
| 650 | 1 | 4 |
_2LEMB _aLiteratura francesa _ySiglo XX |
| 650 | 1 | 4 |
_2LEMB _aGuerra mundial _y1939-1945 |
| 650 | 1 | 4 |
_2LEMB _aExilio en la literatura |
| 650 | 1 | 4 |
_2LEMB _aGuerra en la literatura |
| 700 | 1 |
_aAlbiñana, Javier _973546 |
|
| 942 |
_2loc _cBKLIT |
||
| 264 |
_aBarcelona _bTusquets _c2009 |
||
| 336 |
_atexto _btxt _2rdacontent |
||
| 337 |
_asin mediación _bn _2rdamedia |
||
| 338 |
_avolumen _bnc _2rdacarrier |
||
| 040 |
_aCO-BoRNBP _bspa _erda _cCO-BoRNBP |
||
| 084 | _aN LEC3 | ||
| 999 |
_c7054 _d7054 |
||